A new way of thinking (Record no. 65807)
[ view plain ]
| 000 -LEADER | |
|---|---|
| fixed length control field | 01254cam a2200229 4500 |
| 001 - CONTROL NUMBER | |
| control field | ABS63483 |
| 008 - FIXED-LENGTH DATA ELEMENTS--GENERAL INFORMATION | |
| fixed length control field | 000000n2001 000 0 eng u |
| 035 ## - SYSTEM CONTROL NUMBER | |
| System control number | (Sirsi) u110383 |
| 100 ## - MAIN ENTRY--PERSONAL NAME | |
| Personal name | McNamara, M. |
| 245 #2 - TITLE STATEMENT | |
| Title | A new way of thinking |
| 260 ## - PUBLICATION, DISTRIBUTION, ETC. | |
| Date of publication, distribution, etc. | 2001 |
| 490 ## - SERIES STATEMENT | |
| Series statement | Accountancy |
| Volume/sequential designation | 127(1289) January 2001, 106(1) |
| 520 ## - SUMMARY, ETC. | |
| Summary, etc. | Argues that companies should follow the Abbey National's example and adopt a new technique for structuring property portfolios that meets both the tenant's demand for flexibility and cost certainty and the landlord's need for long-term commitment. Aligning its portfolio with its corporate strategy has allowed the Abbey National to enter into a structured leaseback agreement with Mapeley Columbus that has realised £478m whilst removing its exposure to excess leasehold liability. Under the deal the Abbey National can vacate individual properties early or extend tenures with a that computes the additional flexibility as a percentage of rent when exercised. |
| 590 ## - LOCAL NOTE (RLIN) | |
| Local note | ABS |
| 650 ## - SUBJECT ADDED ENTRY--TOPICAL TERM | |
| Topical term or geographic name entry element | PORTFOLIO MANAGEMENT |
| 650 ## - SUBJECT ADDED ENTRY--TOPICAL TERM | |
| Topical term or geographic name entry element | STRUCTURED LEASEBACK AGREEMENTS |
| 650 ## - SUBJECT ADDED ENTRY--TOPICAL TERM | |
| Topical term or geographic name entry element | FLEXIBILITY |
| 650 ## - SUBJECT ADDED ENTRY--TOPICAL TERM | |
| Topical term or geographic name entry element | COST CERTAINTY |
| 690 ## - LOCAL SUBJECT ADDED ENTRY--TOPICAL TERM (OCLC, RLIN) | |
| Topical term or geographic name as entry element | PROPERTY MANAGEMENT-COMMERCIAL PROPERTY |
| 700 ## - ADDED ENTRY--PERSONAL NAME | |
| Personal name | Vernham, P. |
| 942 ## - ADDED ENTRY ELEMENTS (KOHA) | |
| Suppress in OPAC | 0 |
| Withdrawn status | Lost status | Source of classification or shelving scheme | Damaged status | Not for loan | Home library | Current library | Shelving location | Date acquired | Total Checkouts | Full call number | Barcode | Date last seen | Copy number | Price effective from | Koha item type |
|---|---|---|---|---|---|---|---|---|---|---|---|---|---|---|---|
| Dewey Decimal Classification | London | London | Journal article | 16/01/2001 | ABS63483 | 110383-1001 | 06/08/2019 | 1 | 06/08/2019 | Journal article |